<?xml version="1.0" encoding="UTF-8"?>
<record
    xmlns:xsi="http://www.w3.org/2001/XMLSchema-instance"
    xsi:schemaLocation="http://www.loc.gov/MARC21/slim http://www.loc.gov/standards/marcxml/schema/MARC21slim.xsd"
    xmlns="http://www.loc.gov/MARC21/slim">

  <leader>00838nam a2200205   4500</leader>
  <controlfield tag="003">KOSZ 005</controlfield>
  <controlfield tag="005">20191017133901.0</controlfield>
  <controlfield tag="008">191017s2012     pl||||f |||| 10| 0 pol d</controlfield>
  <datafield tag="040" ind1=" " ind2=" ">
    <subfield code="a">KOSZ 005/HR</subfield>
    <subfield code="c">KOSZ 005/HR</subfield>
  </datafield>
  <datafield tag="080" ind1=" " ind2=" ">
    <subfield code="a">624.014.2</subfield>
  </datafield>
  <datafield tag="084" ind1=" " ind2=" ">
    <subfield code="a">(06)</subfield>
  </datafield>
  <datafield tag="100" ind1="1" ind2=" ">
    <subfield code="a">Pa&#x142;kowski, Szymon</subfield>
    <subfield code="e">Autor</subfield>
  </datafield>
  <datafield tag="245" ind1="1" ind2="0">
    <subfield code="a">Projektowanie stalowych konstrukcji ci&#x119;gnowych /</subfield>
    <subfield code="c">Szymon Pa&#x142;kowski.</subfield>
  </datafield>
  <datafield tag="650" ind1=" " ind2="0">
    <subfield code="a">Konstrukcje stalowe</subfield>
  </datafield>
  <datafield tag="650" ind1=" " ind2="0">
    <subfield code="a">Projektowanie</subfield>
  </datafield>
  <datafield tag="658" ind1=" " ind2=" ">
    <subfield code="a">Architektura i budownictwo</subfield>
  </datafield>
  <datafield tag="711" ind1="2" ind2=" ">
    <subfield code="a">Og&#xF3;lnopolskie Warsztaty Pracy Projektanta Konstrukcji</subfield>
    <subfield code="n">(27 ;</subfield>
    <subfield code="d">2012 ;</subfield>
    <subfield code="c">Szczyrk)</subfield>
  </datafield>
  <datafield tag="773" ind1="0" ind2=" ">
    <subfield code="i">W:</subfield>
    <subfield code="t">Nowoczesne rozwi&#x105;zania konstrukcyjno-materia&#x142;owo-technologiczne : konstrukcje metalowe. T. 3, Wyk&#x142;ady.</subfield>
    <subfield code="d">Katowice : Polski Zwi&#x105;zek In&#x17C;ynier&#xF3;w i Technik&#xF3;w Budownictwa, 2012.</subfield>
    <subfield code="g">s. 579-612</subfield>
  </datafield>
  <datafield tag="942" ind1=" " ind2=" ">
    <subfield code="2">UKD</subfield>
    <subfield code="c">ROZ</subfield>
  </datafield>
  <datafield tag="999" ind1=" " ind2=" ">
    <subfield code="c">10690</subfield>
    <subfield code="d">10690</subfield>
  </datafield>
</record>
